=LDR 00000nam 2200000 4500 =001 INLIS000000000010773 =005 20130612102405 =008 ***********************************Ind** =035 ##$$0010-061300000010773 =041 ##$$a Ind =082 ##$$a 410 =090 ##$$a 410, Sur P =100 ##$$a Surana, F.x =245 ##$$a Pemandu. pelajaran bahasa dan Sastra Indonesia untuk SMA, F.X. Surana =260 ##$$a 1987 $b Solo =300 ##$$a ......jil, 21 cm =650 ##$$a Bahasa =650 ##$$a Studi dan pengajaran =850 ##$$a NBPNMAT